60 mots du corps humain en anglais - Statistiques

Statistiques générales
  • Ce quiz a été pris 1 160 fois
  • Le résultat moyen est 47 sur 60
Statistiques - réponses
Anglais Français % Correct
Arm Bras
99%
Ear Oreille
97%
Foot Pied
97%
Blood Sang
97%
Hair Cheveux
96%
Neck Cou
96%
Finger Doigt
96%
Back Dos
96%
Leg Jambe
96%
Hand Main
96%
Nose Nez
96%
Eye Oeil
96%
Mouth Bouche
95%
Heart Coeur
95%
Knee Genou
95%
Eyebrow Sourcil
95%
Head Tête
95%
Face Visage
95%
Skin Peau
94%
Tooth Dent
93%
Shoulder Epaule
93%
Stomach Estomac
93%
Eyelash Cil
92%
Tongue Langue
92%
Lip Lèvre
91%
Bellybutton Nombril
90%
Belly Ventre
88%
Bone Os
87%
Forearm Avant-bras
82%
Ankle Cheville
81%
Cheek Joue
80%
Breast/Chest Poitrine
80%
Elbow Coude
79%
Hip Hanche
79%
Beard Barbe
78%
Throat Gorge
78%
Lung Poumon
77%
Nipple Téton
74%
Chin Menton
73%
Jawline Machoire
72%
Rib Côte
71%
Skull Crâne
70%
Tear Larme
70%
Wrist Poignet
70%
Eyelid Paupière
68%
Thumb Pouce
66%
Thigh Cuisse
64%
Liver Foie
63%
Waist Taille
62%
Mole/Beauty spot Grain de beauté
61%
Heel Talon
61%
Nostril Narine
56%
Calf Mollet
47%
Spot Bouton
46%
Cheekbone Pommette
43%
Flesh Chair
41%
Bladder Vessie
36%
Joint Articulation
34%
Gum Gencive
32%
Wrinkle Ride
28%
Aucun quiz correspondant
Distribution des résultats
% des personnes avec chaque résultat
Percentile par nombre de réponses
Votre historique - résultats
Vous n’avez pas pris ce quiz